| 000 | 00405nam a2200145 a 4500 | ||
|---|---|---|---|
| 001 | 2699 | ||
| 003 | CDMR | ||
| 005 | 20130116135235.0 | ||
| 008 | 130130s2006||||||||||||||||||||||||||||d | ||
| 040 |
_aCDMR _bcat _cCPC GIRONA |
||
| 100 | 1 |
_aStiglitz, Joseph Eugene _92024 |
|
| 245 | 1 | 0 |
_aMaking Globalization Work _bThe next step to global justice _cStiglitz, Joseph E. |
| 260 |
_c2006 _bPenguin Group |
||
| 942 | _cMON | ||
| 999 |
_c2699 _d2699 |
||